header

Breaking through culture shock (Record no. 229415)

MARC details
000 -LEADER
fixed length control field 01371nam a2200337 a 4500
100 1# - MAIN ENTRY--AUTHOR NAME
Personal name Marx, Elisabeth.
245 10 - TITLE STATEMENT
Title Breaking through culture shock
250 ## - EDITION STATEMENT
Edition statement Updated pbk. ed.
260 ## - PUBLICATION, DISTRIBUTION, ETC. (IMPRINT)
Place of publication London :
Name of publisher Nicholas Brealey Pub.,
Year of publication 2001.
300 ## - PHYSICAL DESCRIPTION
Number of Pages xvi, 241 p. :
Other physical details ill.
505 0# - FORMATTED CONTENTS NOTE
Formatted contents note pt. 1. Experiencing culture shock : learning to adapt -- pt. 2. Conquering culture shock : achieving success.
650 #0 - SUBJECT ADDED ENTRY--TOPICAL TERM
Topical Term Corporate culture.
Topical Term Business etiquette.
856 40 - ELECTRONIC LOCATION AND ACCESS
Uniform Resource Identifier http://site.ebrary.com/lib/rucke/Doc?id=10490804

No items available.

© 2026 Rongo University
Contact us: librarian | system librarian | Rongo university